Crafts & hobbies : (Record no. 9946)
[ view plain ]
| 000 -LEADER | |
|---|---|
| fixed length control field | 01075nam a2200313 i 4500 |
| 001 - CONTROL NUMBER | |
| control field | 393777 |
| 003 - CONTROL NUMBER IDENTIFIER | |
| control field | OSt |
| 005 - DATE AND TIME OF LATEST TRANSACTION | |
| control field | 20160127100023.0 |
| 008 - FIXED-LENGTH DATA ELEMENTS--GENERAL INFORMATION | |
| fixed length control field | 800423s1979 nyua 001 0 eng |
| 010 ## - LIBRARY OF CONGRESS CONTROL NUMBER | |
| LC control number | 79063118 |
| 020 ## - INTERNATIONAL STANDARD BOOK NUMBER | |
| International Standard Book Number | 0895770636 |
| 040 ## - CATALOGING SOURCE | |
| Original cataloging agency | DLC |
| Transcribing agency | DLC |
| Modifying agency | DLC |
| 050 00 - LIBRARY OF CONGRESS CALL NUMBER | |
| Classification number | TT 157 |
| Item number | .R383 1979 |
| 082 00 - DEWEY DECIMAL CLASSIFICATION NUMBER | |
| Classification number | HS 745.5 |
| Item number | R222 1979 |
| 245 00 - TITLE STATEMENT | |
| Title | Crafts & hobbies : |
| Statement of responsibility, etc | [contributing editor, Daniel Weiss ; contributing writers, Susan Chace ... et al. ; contributing artists, John A. Lind Corporation ... et al. ; chief photographer, Joseph Barnell]. |
| Remainder of title | a step by step guide to creative skills |
| 260 ## - PUBLICATION, DISTRIBUTION, ETC. (IMPRINT) | |
| Place of publication, distribution, etc | Pleasantville, N.Y. : |
| Name of publisher, distributor, etc | Reader's Digest Association, |
| Date of publication, distribution, etc | c1979. |
| 300 ## - PHYSICAL DESCRIPTION | |
| Extent | 456 p. : |
| Other physical details | ill. ; |
| Dimensions | 22 x 25 cm. |
| 500 ## - GENERAL NOTE | |
| General note | Includes index. |
| 562 ## - COPY AND VERSION IDENTIFICATION NOTE | |
| Number of copies | 1 |
| 650 #0 - SUBJECT ADDED ENTRY--TOPICAL TERM | |
| Topical term or geographic name as entry element | Handicraft. |
| 9 (RLIN) | 1363 |
| 650 #0 - SUBJECT ADDED ENTRY--TOPICAL TERM | |
| Topical term or geographic name as entry element | Hobbies. |
| 9 (RLIN) | 15594 |
| 700 1# - ADDED ENTRY--PERSONAL NAME | |
| Personal name | Weiss, Daniel. |
| 9 (RLIN) | 15595 |
| 700 1# - ADDED ENTRY--PERSONAL NAME | |
| Personal name | Chace, Susan. |
| 9 (RLIN) | 15596 |
| 730 ## - ADDED ENTRY--UNIFORM TITLE | |
| Uniform title | Reader's digest. |
| 9 (RLIN) | 15590 |
| 740 ## - ADDED ENTRY--UNCONTROLLED RELATED/ANALYTICAL TITLE | |
| Uncontrolled related/analytical title | Crafts & hobbies. |
| 906 ## - LOCAL DATA ELEMENT F, LDF (RLIN) | |
| a | 7 |
| b | cbc |
| c | orignew |
| d | 2 |
| e | opcn |
| f | 19 |
| g | y-gencatlg |
| 942 ## - ADDED ENTRY ELEMENTS (KOHA) | |
| Source of classification or shelving scheme | Library of Congress Classification |
| Koha item type | Books |
| Withdrawn status | Lost status | Source of classification or shelving scheme | Damaged status | Home library | Current library | Shelving location | Date acquired | Total Checkouts | Full call number | Barcode | Date last seen | Copy number | Price effective from | Koha item type |
|---|---|---|---|---|---|---|---|---|---|---|---|---|---|---|
| Library of Congress Classification | Luxembourg Library | Luxembourg Library | High School Section | 08/30/2013 | TT 157 .R383 1979 | 6244 | 08/30/2013 | 1 | 08/30/2013 | Books |